| 000 | 00503nam a2200181 i 4500 | ||
|---|---|---|---|
| 001 | bg | ||
| 100 | 1 | _aCIOK, Zbigniew | |
| 245 | 0 |
_aProcesy łączeniowe w układach elektroenergetycznych / _cZ. Ciok. |
|
| 250 | _aWyd.2 uzup. | ||
| 260 |
_aWarszawa, _c1983. |
||
| 490 | 1 | _aPodręczniki Akademickie. Elektrotechnika | |
| 830 | 0 |
_aPodręczniki Akademickie. _pElektrotechnika |
|
| 040 | _cBPK | ||
| 041 | _apol | ||
| 080 | _a621.316(075.8) | ||
| 942 | _cKS | ||
| 008 | s pl f |000 0 pol | ||
| 999 |
_c1958 _d1958 |
||
| 856 |
_uhttp://koha.tu.koszalin.pl/cgi-bin/koha/opac-detail.pl?biblionumber=1958 _yKatalog online BPK |
||